| 000 | 00706nam a22002297a 4500 | ||
|---|---|---|---|
| 003 | 0 | ||
| 005 | 20250827092525.0 | ||
| 008 | 250827b xxu||||| |||| 00| 0 eng d | ||
| 020 | _a978-93-5751-959-5 | ||
| 050 |
_aPN 4775 _b.S65 2025 |
||
| 100 |
_aSmith, Charlie, _eauthor. |
||
| 245 |
_aFundamentals of journalism / _cCharlie Smith. |
||
| 250 | _aFirst edition. | ||
| 260 |
_aNew Delhi, India : _bRandom Publications LLP, _c2025. |
||
| 300 |
_ax, 268 pages ; _c24 cm. |
||
| 504 | _aIncludes bibliographical references and index. | ||
| 650 | _aJournalism. | ||
| 650 |
_aJournalism _xStudy and teaching. |
||
| 650 | _aReporters and reporting. | ||
| 650 |
_aMass media _xAuthorship. |
||
| 942 |
_2lcc _cBK |
||
| 999 |
_c367625 _d367625 |
||